| 000 | 00730nam a2200181Ia 4500 | ||
|---|---|---|---|
| 008 | 081213s9999 xx 000 0 und d | ||
| 020 | _c0281028257 | ||
| 050 |
_aBT999 _b.B87 1959 |
||
| 100 | _aBurnaby, John | ||
| 245 |
_aThe belief of christendom : _ba commentary on the Nicene Creed _cJohn Burnaby |
||
| 260 |
_c1959 _aLondon : _bSPCK |
||
| 300 |
_a224 p. _c21 cm |
||
| 500 | _aincludes index of Biblical references | ||
| 650 | _bCreed | ||
| 942 |
_cBK _2lcc |
||
| 999 |
_c10688 _d10688 |
||